Η παροχή συμβουλευτικής υποστήριξης σε σύγκριση με την τηλεσυμβουλευτική σε οικογένειες παιδιών με ειδικές εκπαιδευτικές ανάγκες : διπλωματική εργασία [μεταπτυχιακή εργασία]
Αποθηκεύτηκε σε:
| Κύριος συγγραφέας: | |
|---|---|
| Συγγραφή απο Οργανισμό/Αρχή: | |
| Άλλοι συγγραφείς: | |
| Μορφή: | Thesis Βιβλίο |
| Γλώσσα: | Greek |
| Δημοσίευση: |
2021.
|
| Θέματα: | |
| Ετικέτες: |
Προσθήκη ετικέτας
Δεν υπάρχουν, Καταχωρήστε ετικέτα πρώτοι!
|
MARC
| LEADER | 00000cam a2200000 a 4500 | ||
|---|---|---|---|
| 001 | 1/123620 | ||
| 008 | 211001s2021####gr | ||| |||| ||gre|| | ||
| 040 | |a GR-MyUa |b gre |c GR-MyUa |e AACR2 | ||
| 041 | 0 | |a gre | |
| 082 | 7 | |a 371.42 |2 (23) | |
| 100 | 1 | |a Μιχαλά, Αναστασία. | |
| 245 | 1 | 2 | |a Η παροχή συμβουλευτικής υποστήριξης σε σύγκριση με την τηλεσυμβουλευτική σε οικογένειες παιδιών με ειδικές εκπαιδευτικές ανάγκες : |b διπλωματική εργασία [μεταπτυχιακή εργασία] / |c Μιχαλά Αναστασία ; επιβλέπουσα καθηγήτρια: Τσιμπιδάκη Ασημίνα. |
| 260 | |c 2021. | ||
| 300 | |a 122 σ. : |b πίν. ; |c 30 εκ. | ||
| 500 | |a Μέλη εξεταστικής επιτροπής: Τσιμπιδάκη Ασημίνα, Σοφός Αλιβίζος, Δάρρα Μαρία. | ||
| 502 | |a Διπλωματική εργασία - Πανεπιστήμιο Αιγαίου, Ρόδος 2021. | ||
| 504 | |a Βιβλιογραφία: σ. 97-103. | ||
| 506 | 1 | |a Πλήρες κείμενο - Ενδοπανεπιστημιακή δημοσίευση - Κλειδωμένη η δυνατότητα αντιγραφής του κειμένου. | |
| 650 | 0 | |a Counseling. | |
| 650 | 0 | |a Parenting |x Psychological aspects. | |
| 650 | 0 | |a Children with disabilities |x Education. | |
| 650 | 0 | |a Learning disabilities. | |
| 650 | 0 | |a Vocational guidance. | |
| 700 | 1 | |a Τσιμπιδάκη, Ασημίνα, |e dgsf | |
| 710 | 2 | |a Πανεπιστήμιο Αιγαίου |b Σχολή Ανθρωπιστικών Επιστημών |b Παιδαγωγικό Τμήμα Δημοτικής Εκπαίδευσης |b Πρόγραμμα Μεταπτυχιακών Σπουδών Επιστήμες της Αγωγής - Εκπαίδευση με τη Χρήση Νέων Τεχνολογιών. | |
| 852 | |a INST |b RHODES |c DIATR |e 20211001 |h 371.42 ΜΙΧ |p 005400042291 |q 005400042291 |t MTXE |y 23 | ||
| 924 | |a Μιχαλά |b Αναστασία |y Ρόδος |z 2021-06 | ||
| 970 | |a Καραγιάννης |b Φίλιππος |z 01-10-2021 | ||